Сортировка массивов с малым числом элементов на ассамблере для микроконтроллеров 51 серии; Современные техника и технологии; Т. 2

Bibliografski detalji
Parent link:Современные техника и технологии: сборник трудов XVI Международной научно-практической конференции студентов, аспирантов и молодых ученых, Томск, 12-16 апреля 2010 г/ Национальный исследовательский Томский политехнический университет (ТПУ).— , 2010
Т. 2.— 2010.— [С. 316-318]
Glavni autor: Зайцев Е. С.
Daljnji autori: Астафуров В. Г. (научный руководитель)
Sažetak:Заглавие с титульного листа
Электронная версия печатной публикации
Jezik:ruski
Izdano: 2010
Teme:
Online pristup:http://www.lib.tpu.ru/fulltext/c/2010/C01/V2/134.pdf
Format: Elektronički Poglavlje knjige
KOHA link:https://koha.lib.tpu.ru/cgi-bin/koha/opac-detail.pl?biblionumber=233434

MARC

LEADER 00000naa2a2200000 4500
001 233434
005 20251205135505.0
035 |a (RuTPU)RU\TPU\book\254512 
035 |a RU\TPU\book\254388 
090 |a 233434 
100 |a 20130304d2010 k y0rusy50 ca 
101 0 |a rus 
102 |a RU 
135 |a drnn ---uucaa 
181 0 |a i  
182 0 |a b 
200 1 |a Сортировка массивов с малым числом элементов на ассамблере для микроконтроллеров 51 серии  |f Е. С. Зайцев  |g науч. рук. В. Г. Астафуров 
203 |a Текст  |c электронный 
215 |a 1 файл (229 Кб) 
300 |a Заглавие с титульного листа 
300 |a Электронная версия печатной публикации 
337 |a Adobe Reader 
461 0 |0 (RuTPU)RU\TPU\book\245271  |t Современные техника и технологии  |o сборник трудов XVI Международной научно-практической конференции студентов, аспирантов и молодых ученых, Томск, 12-16 апреля 2010 г  |o в 3 т.  |f Национальный исследовательский Томский политехнический университет (ТПУ)  |d 2010 
463 0 |0 (RuTPU)RU\TPU\book\250479  |t Т. 2  |v [С. 316-318]  |d 2010 
610 1 |a электронный ресурс 
610 1 |a мониторинг 
610 1 |a оборудование 
610 1 |a микроконтроллеры 
610 1 |a сортировка 
610 1 |a однокристальные микро-ЭВМ 
610 1 |a программное оснащение 
610 1 |a обработка данных 
610 1 |a алгоритмы 
610 1 |a функции 
610 1 |a управление 
700 1 |a Зайцев  |b Е. С. 
702 1 |a Астафуров  |b В. Г.  |4 727 
801 1 |a RU  |b 63413507  |c 20130213 
801 2 |a RU  |b 63413507  |c 20130514  |g RCR 
856 4 |u http://www.lib.tpu.ru/fulltext/c/2010/C01/V2/134.pdf 
942 |c CF